| 000 | 00412nam a22001577a 4500 | ||
|---|---|---|---|
| 003 | NUST - PNEC | ||
| 005 | 20170116180853.0 | ||
| 008 | 150827b xxu||||| |||| 00| 0 eng d | ||
| 040 | _cLIBRARY | ||
| 082 | _a624.1776 TIM | ||
| 100 |
_95850 _aTimoshenko Stephen |
||
| 245 |
_aTheory of plates and shells _cStephen Timoshenko |
||
| 250 | _a2nd ed. | ||
| 650 |
_95851 _aPlates & Shells _xME, IME |
||
| 942 |
_2ddc _cBK |
||
| 999 |
_c64715 _d64715 |
||